000
00268nam a22000977a 4500
008
160510b xxu||||| |||| 00| 0 eng d
041
_a
eng
080
_a
61
245
_a
Diseases of the liver :
_c
Eugene R. Schiff; Michael F. Sorrell; Willis C. Maddreny;
942
_2
udc
_c
BK
999
_c
1987
_d
1987